Parallel scientific computing in C++ and MPI: A seamless approach to parallel algorithms and their implementation

Guardat en:
Dades bibliogràfiques
Autor principal: George Em Karniadakis
Format: Llibre
Idioma:Undetermined
Publicat: Cambrridge, UK Cambridge Univ. Press 2003
Matèries:
Etiquetes: Afegir etiqueta
Sense etiquetes, Sigues el primer a etiquetar aquest registre!
Thư viện lưu trữ: Trung tâm Học liệu Trường Đại học Cần Thơ
LEADER 00666nam a2200169Ia 4500
001 CTU_58977
008 210402s9999 xx 000 0 und d
082 |a 004.35 
082 |b K18 
100 |a George Em Karniadakis 
245 0 |a Parallel scientific computing in C++ and MPI: A seamless approach to parallel algorithms and their implementation 
245 0 |c George Em Karniadakis and Robert M. Kirby II 
260 |a Cambrridge, UK 
260 |b Cambridge Univ. Press 
260 |c 2003 
650 |a parallel processing ( electronic computer ),c++ ( computer program language ),data transmission systems 
980 |a Trung tâm Học liệu Trường Đại học Cần Thơ